000 00531nam a22001817a 4500
005 20230323125542.0
008 230323b ||||| |||| 00| 0 eng d
040 _cAL
041 _aEnglish
082 _223
_a511/159
_bLEDT
100 _aLeadreship Project Committee
_977024
245 _aTextbook of Algebra
260 _aNew Delhi
_bTata McGraw Hill Publishing Company Limited
_c1983
300 _aviii,166 p.
_bPB
_c23x15 cm.
650 _aAlgebra
_977025
700 _aLEADERSHIP PROJECT COMMITTEE
_977026
942 _2ddc
_cSG
999 _c227076
_d227076